000
00233nam a2200085Ia 4500
008
220204s9999 xx 000 0 und d
082
_a
66(058)(543.1)
_b
DIR
245
0
_a
Directory of small scale industries in Madhya Pradesh
942
_c
BK
999
_c
21758
_d
21758